Normal view
MARC view
- Relationship, Manners
Entry Topical Term
001 - CONTROL NUMBER
- control field: 109409
003 - CONTROL NUMBER IDENTIFIER
- control field: NUST
005 - DATE AND TIME OF LATEST TRANSACTION
- control field: 20230221185956.0
008 - FIXED-LENGTH DATA ELEMENTS
- fixed length control field: 230221|| aca||aabn | a|a d
040 ## - CATALOGING SOURCE
- Original cataloging agency: NUST
- Transcribing agency: NUST
150 ## - HEADING--TOPICAL TERM
- Topical term or geographic name entry element: Relationship, Manners
670 ## - SOURCE DATA FOUND
- Source citation: Work cat.: (NUST)188021: Nadwi, Maulana Syed Abul hasan ali 109408, Husn-e-MuaShrat / حسن معاشرت (Urdu) /
